[Event "España tch 2009 - 2a 2"]
[Site "Burguillos ESP"]
[Date "2009.08.08"]
[Round "5.61"]
[White "Romero Sanchez, Jesus"]
[Black "Serna Lara, Sergio"]
[Result "0-1"]
[WhiteElo "2176"]
[BlackElo "2234"]
[PlyCount "70"]
[EventDate "2009.08.05"]
[EventType "team"]
[EventRounds "6"]
[EventCountry "ESP"]
[Source "lmi"]
[SourceDate "2009.08.05"]
[WhiteTeam "C.A. La Merced De Huelva"]
[BlackTeam "C.D.E. Ajedrez Tarazona"]
[WhiteTeamCountry "ESP"]
[BlackTeamCountry "ESP"]

1. Nf3 d5 2. d4 Nf6 3. c4 c6 4. Nc3 a6 5. a4 e6 6. Bf4 a5 7. e3 Na6 8. Ne5 Be7
9. Be2 Nb4 10. O-O b6 11. Na2 Bb7 12. Nxb4 axb4 13. Rc1 Rc8 14. c5 bxc5 15.
dxc5 Ne4 16. Nd3 Qa5 17. Qc2 Ba6 18. Be5 f6 19. Bg3 b3 20. Qd1 Bxd3 21. Bxd3
Nxc5 22. Qh5+ Kd7 23. Bxh7 Ne4 24. Bh4 g5 25. f3 Nd6 26. Be1 Qb6 27. Bf2 Rcg8
28. e4 d4 29. Qh6 Nf7 30. Qh5 Rg7 31. a5 Qa7 32. Rc4 c5 33. Rd1 Rgxh7 34. Bxd4
cxd4 35. Rdxd4+ Bd6 0-1

[Event "España tch 2009 - 2a 2"]
[Site "Burguillos ESP"]
[Date "2009.08.08"]
[Round "5.62"]
[White "Picazo Lopez, Juan Antonio"]
[Black "Hernandez Munoz, Antonio Ramon"]
[Result "1-0"]
[WhiteElo "2226"]
[BlackElo "2146"]
[PlyCount "99"]
[EventDate "2009.08.05"]
[EventType "team"]
[EventRounds "6"]
[EventCountry "ESP"]
[Source "lmi"]
[SourceDate "2009.08.05"]
[WhiteTeam "C.D.E. Ajedrez Tarazona"]
[BlackTeam "C.A. La Merced De Huelva"]
[WhiteTeamCountry "ESP"]
[BlackTeamCountry "ESP"]

1. d4 d5 2. c4 c6 3. Nf3 Nf6 4. Nc3 e6 5. cxd5 cxd5 6. Bf4 Be7 7. e3 O-O 8. Bd3
a6 9. h3 Nc6 10. a3 h6 11. Rc1 Bd6 12. Ne5 Bxe5 13. dxe5 Nd7 14. Qh5 f5 15.
exf6 Qxf6 16. O-O Nde5 17. Bb1 Nc4 18. Qe2 Bd7 19. Rfd1 N6e5 20. Qc2 Rac8 21.
Bxe5 Nxe5 22. f4 Nc4 23. Qh7+ Kf7 24. Ne4 Qe7 25. Ng3 Ke8 26. e4 Nxb2 27. Rxc8+
Bxc8 28. Rc1 Kd8 29. exd5 Qxa3 30. Qxg7 Qe3+ 31. Kh2 Qxc1 32. Qxf8+ Kc7 33. d6+
Kb6 34. Be4 Ka7 35. Qd8 Na4 36. d7 Bxd7 37. Qxd7 Nc5 38. Qd4 a5 39. Bf3 a4 40.
Ne2 Qa3 41. Nc3 Ka6 42. Be2+ Ka5 43. Ne4 Nxe4 44. Qa7+ Kb4 45. Qxb7+ Kc3 46.
Qxe4 Qa2 47. Bg4 a3 48. Bxe6 Qf2 49. Qc4+ Kd2 50. Qa2+ 1-0

[Event "España tch 2009 - 2a 2"]
[Site "Burguillos ESP"]
[Date "2009.08.08"]
[Round "5.63"]
[White "Rodriguez Perez, Angel Mariano"]
[Black "Campayo Hernandez, Juan"]
[Result "0-1"]
[WhiteElo "2053"]
[BlackElo "2176"]
[PlyCount "96"]
[EventDate "2009.08.05"]
[EventType "team"]
[EventRounds "6"]
[EventCountry "ESP"]
[Source "lmi"]
[SourceDate "2009.08.05"]
[WhiteTeam "C.A. La Merced De Huelva"]
[BlackTeam "C.D.E. Ajedrez Tarazona"]
[WhiteTeamCountry "ESP"]
[BlackTeamCountry "ESP"]

1. e4 d5 2. exd5 Qxd5 3. Nc3 Qd6 4. Nf3 Bg4 5. Be2 Nc6 6. a3 Nf6 7. d3 h6 8.
Nb5 Qd7 9. Bf4 Nd5 10. Bg3 a6 11. Nbd4 Nxd4 12. Nxd4 Bxe2 13. Nxe2 e6 14. Nf4
Nf6 15. Qf3 O-O-O 16. Ne2 h5 17. h3 Be7 18. Nc3 Kb8 19. O-O-O Qd4 20. Qe3 Qd7
21. Qf3 Rhf8 22. Be5 Rh8 23. Bg3 h4 24. Bh2 Rh5 25. d4 Rf5 26. Qe3 Nd5 27. Nxd5
Qxd5 28. Qc3 Rd7 29. f3 Bg5+ 30. Kb1 Bf4 31. Bxf4 Rxf4 32. Qc5 Rxd4 33. Qf8+
Ka7 34. Rxd4 Qxd4 35. c3 Qd3+ 36. Ka2 Qc4+ 37. Ka1 g6 38. Qe8 Qd5 39. Qh8 Qg5
40. Rg1 Qe3 41. Rb1 Qf4 42. Qf8 b6 43. Re1 Kb7 44. Re4 Qd2 45. Qe8 g5 46. c4
Qc1+ 47. Ka2 Rd2 48. Qh8 f5 0-1

[Event "España tch 2009 - 2a 2"]
[Site "Burguillos ESP"]
[Date "2009.08.08"]
[Round "5.64"]
[White "Martin Garcia, Juan Miguel"]
[Black "Gomez Cerezo, Diego Jesus"]
[Result "1-0"]
[WhiteElo "2151"]
[BlackElo "2052"]
[PlyCount "75"]
[EventDate "2009.08.05"]
[EventType "team"]
[EventRounds "6"]
[EventCountry "ESP"]
[Source "lmi"]
[SourceDate "2009.08.05"]
[WhiteTeam "C.D.E. Ajedrez Tarazona"]
[BlackTeam "C.A. La Merced De Huelva"]
[WhiteTeamCountry "ESP"]
[BlackTeamCountry "ESP"]

1. d4 Nf6 2. g3 g6 3. Bg2 Bg7 4. e4 d6 5. Nc3 O-O 6. h3 e5 7. Nf3 Nc6 8. Be3 a6
9. a4 Re8 10. O-O exd4 11. Nxd4 Bd7 12. Qd2 Nxd4 13. Bxd4 Bc6 14. Rfe1 Qd7 15.
Rad1 Rad8 16. b3 b5 17. axb5 axb5 18. Kh2 Ba8 19. Qg5 Nh5 20. Bxg7 Kxg7 21.
Qxb5 Bc6 22. Qc4 Re7 23. Nd5 Re6 24. g4 Nf6 25. Nxf6 Kxf6 26. e5+ Kg7 27. Qxc6
Qe7 28. exd6 Rdxd6 29. Rxe6 Rxe6 30. Qc3+ Kg8 31. Ra1 f5 32. gxf5 gxf5 33. Ra8+
Kf7 34. Qg3 Rg6 35. Bd5+ Kf6 36. Ra6+ Kg7 37. Qc3+ Kh6 38. Qe3+ 1-0

[Event "España tch 2009 - 2a 2"]
[Site "Burguillos ESP"]
[Date "2009.08.08"]
[Round "5.71"]
[White "Baigorri Navarro, Francisco J"]
[Black "Corbalan Gomez, Juan Jose"]
[Result "0-1"]
[WhiteElo "2199"]
[BlackElo "2174"]
[PlyCount "92"]
[EventDate "2009.08.05"]
[EventType "team"]
[EventRounds "6"]
[EventCountry "ESP"]
[Source "lmi"]
[SourceDate "2009.08.05"]
[WhiteTeam "C.A. Pueblo Nuevo"]
[BlackTeam "C.A. Alekhine Espartinas"]
[WhiteTeamCountry "ESP"]
[BlackTeamCountry "ESP"]

1. Nf3 Nf6 2. c4 c5 3. Nc3 Nc6 4. d4 cxd4 5. Nxd4 e6 6. g3 Qb6 7. Ndb5 Bc5 8.
Bg2 Bxf2+ 9. Kf1 Ng4 10. Qd6 Bg1 11. c5 Bxc5 12. Nc7+ Kd8 13. Bg5+ Nf6 14. Nxa8
Bxd6 15. Nxb6 axb6 16. Rd1 Be5 17. Be3 d5 18. Bxb6+ Ke7 19. Bc5+ Bd6 20. Bxd6+
Kxd6 21. Ne4+ Nxe4 22. Bxe4 f5 23. Bb1 Ne5 24. b3 Ng4 25. Ke1 e5 26. e4 fxe4
27. Bxe4 Nf6 28. Bg2 e4 29. Rf1 Bg4 30. Rc1 Ra8 31. a4 Be6 32. h3 Nd7 33. Kd2
Nc5 34. Rb1 d4 35. b4 e3+ 36. Kc2 Nxa4 37. Bxb7 Ra7 38. Ra1 Rxb7 39. Rxa4 Rc7+
40. Kb2 d3 41. Ra3 Rc2+ 42. Ka1 Bc4 43. Rd1 Rd2 44. Rc1 e2 45. Rac3 Rd1 46.
Rxc4 Rxc1+ 0-1

[Event "España tch 2009 - 2a 2"]
[Site "Burguillos ESP"]
[Date "2009.08.08"]
[Round "5.72"]
[White "Perez Garcia, Roberto"]
[Black "Nieto De La Cruz, Julio"]
[Result "1/2-1/2"]
[WhiteElo "2151"]
[BlackElo "2132"]
[PlyCount "145"]
[EventDate "2009.08.05"]
[EventType "team"]
[EventRounds "6"]
[EventCountry "ESP"]
[Source "lmi"]
[SourceDate "2009.08.05"]
[WhiteTeam "C.A. Alekhine Espartinas"]
[BlackTeam "C.A. Pueblo Nuevo"]
[WhiteTeamCountry "ESP"]
[BlackTeamCountry "ESP"]

1. d4 d5 2. Nf3 e6 3. c4 c6 4. e3 Nd7 5. Nc3 Ngf6 6. Qc2 Bd6 7. Bd3 dxc4 8.
Bxc4 e5 9. O-O O-O 10. Rd1 Qe7 11. g3 b5 12. Be2 Bb7 13. Nh4 Qe6 14. Qf5 Qe7
15. Bf3 a6 16. Bd2 Rac8 17. Rac1 Rfd8 18. Qg5 h6 19. Qf5 Bb8 20. Qh3 Nh7 21.
Ne4 Ng5 22. Nxg5 Qxg5 23. e4 Qf6 24. Bg4 Nf8 25. d5 Ba7 26. Rf1 Ra8 27. Ba5 Re8
28. Bd7 Nxd7 29. Qxd7 Re7 30. Qg4 Bc8 31. Qe2 cxd5 32. Bd8 Bg4 33. Bxe7 Bxe2
34. Bxf6 Bxf1 35. Bxe5 Bd3 36. exd5 Bc4 37. Nf5 Re8 38. Bxg7 Bd3 39. Bd4 Bxd4
40. Nxd4 Rd8 41. Nc6 Rd6 42. Rd1 Be4 43. Rd4 Bf3 44. Kf1 Kf8 45. Nb4 a5 46. Nc6
Bxd5 47. Kg1 Rxc6 48. Rxd5 Rc1+ 49. Kg2 Ra1 50. a3 b4 51. Rxa5 bxa3 52. bxa3
Kg7 53. Ra6 Ra2 54. a4 Ra1 55. a5 Ra3 56. g4 Ra4 57. Kg3 Ra2 58. h4 Ra1 59. h5
Ra3+ 60. f3 Ra4 61. Ra8 Ra1 62. a6 Ra4 63. Kh4 Ra3 64. g5 Ra4+ 65. Kg3 hxg5 66.
a7 f5 67. h6+ Kh7 68. Kf2 Ra2+ 69. Ke3 Ra3+ 70. Kf2 Ra2+ 71. Ke3 Ra3+ 72. Ke2
Ra2+ 73. Ke3 1/2-1/2

[Event "España tch 2009 - 2a 2"]
[Site "Burguillos ESP"]
[Date "2009.08.08"]
[Round "5.73"]
[White "Alvarez Abejon, Amilcar"]
[Black "Aranaz Portugues, Jose Carlos"]
[Result "0-1"]
[WhiteElo "2063"]
[BlackElo "2124"]
[PlyCount "74"]
[EventDate "2009.08.05"]
[EventType "team"]
[EventRounds "6"]
[EventCountry "ESP"]
[Source "lmi"]
[SourceDate "2009.08.05"]
[WhiteTeam "C.A. Pueblo Nuevo"]
[BlackTeam "C.A. Alekhine Espartinas"]
[WhiteTeamCountry "ESP"]
[BlackTeamCountry "ESP"]

1. c4 g6 2. g3 Bg7 3. Bg2 c5 4. Nc3 Nc6 5. Nf3 Nh6 6. d3 d6 7. a3 Bd7 8. Rb1
Nf5 9. Bd2 a5 10. h4 h5 11. Nd5 e6 12. Nc3 Ra6 13. Nb5 Na7 14. Nxa7 Rxa7 15.
Bc3 e5 16. b4 axb4 17. axb4 O-O 18. Ng5 cxb4 19. Bxb4 Ra2 20. Qb3 Rxe2+ 21. Kf1
Nd4 22. Qa3 Qb6 23. Qa5 Qxa5 24. Bxa5 Ra8 25. Nf3 Ra2 26. Nxd4 R8xa5 27. Nb5
Rd2 28. Nxd6 Raa2 29. Ne4 Rxd3 30. Kg1 Bc6 31. Kh2 Rd4 32. Rhe1 Rxc4 33. Kg1
Rcc2 34. Rf1 f5 35. Nd6 e4 36. Nxb7 Bd4 37. Nd8 Bxf2+ 0-1

[Event "España tch 2009 - 2a 2"]
[Site "Burguillos ESP"]
[Date "2009.08.08"]
[Round "5.74"]
[White "Gutierrez Valero, Mario"]
[Black "Martin Prieto, Oscar"]
[Result "1/2-1/2"]
[WhiteElo "2024"]
[BlackElo "1985"]
[PlyCount "152"]
[EventDate "2009.08.05"]
[EventType "team"]
[EventRounds "6"]
[EventCountry "ESP"]
[Source "lmi"]
[SourceDate "2009.08.05"]
[WhiteTeam "C.A. Alekhine Espartinas"]
[BlackTeam "C.A. Pueblo Nuevo"]
[WhiteTeamCountry "ESP"]
[BlackTeamCountry "ESP"]

1. d4 Nf6 2. c4 c5 3. d5 b5 4. cxb5 g6 5. Nc3 a6 6. bxa6 Bxa6 7. g3 d6 8. Bg2
Bg7 9. Nf3 O-O 10. Rb1 Ne8 11. Bd2 Nd7 12. b3 Nc7 13. a4 Ra7 14. O-O Qa8 15. e4
Bxf1 16. Bxf1 Qb8 17. Ne1 Rb7 18. Nb5 Nxb5 19. Bxb5 Rxb5 20. axb5 Qxb5 21. b4
Rb8 22. Bg5 Kf8 23. Nc2 Qb7 24. Qe2 Qa7 25. Kg2 Qa2 26. Qd1 Qc4 27. Qd2 Qxe4+
28. f3 Qc4 29. Re1 Bf6 30. Bh6+ Kg8 31. Re4 Qc3 32. Qxc3 Bxc3 33. Rxe7 Nf6 34.
bxc5 Nxd5 35. Rd7 Nf6 36. Rxd6 Ne8 37. Rb6 Rc8 38. Be3 Kg7 39. Nb4 Nf6 40. Kf2
Nd7 41. Rc6 Re8 42. Nd5 Bb2 43. f4 h5 44. Rc7 Nf6 45. Nxf6 Kxf6 46. Rb7 Bc3 47.
c6 Ke6 48. Rb3 Ba5 49. Rb5 Bc7 50. Bb6 Rc8 51. f5+ Kd6 52. Bxc7+ Rxc7 53. fxg6
fxg6 54. Rg5 Rf7+ 55. Ke3 Rf6 56. Ra5 Kc7 57. Ra6 Rf5 58. Ke4 Rc5 59. Kd4 Rf5
60. Ke4 Rc5 61. Ra7+ Kxc6 62. Ra6+ Kd7 63. Rxg6 Ke7 64. h4 Rc8 65. Rg5 Rh8 66.
Ra5 Rg8 67. Kf4 Rf8+ 68. Rf5 Rh8 69. Re5+ Kf6 70. Ra5 Kg6 71. Ra6+ Kh7 72. Kg5
Rg8+ 73. Kxh5 Rxg3 74. Rh6+ Kg7 75. Rc6 Kh7 76. Rc7+ Rg7 1/2-1/2

[Event "España tch 2009 - 2a 2"]
[Site "Burguillos ESP"]
[Date "2009.08.08"]
[Round "5.81"]
[White "Scavo, Fernando"]
[Black "Jimenez Martinez, Jose Vicente"]
[Result "1-0"]
[WhiteElo "2239"]
[BlackElo "2235"]
[PlyCount "87"]
[EventDate "2009.08.05"]
[EventType "team"]
[EventRounds "6"]
[EventCountry "ESP"]
[Source "lmi"]
[SourceDate "2009.08.05"]
[WhiteTeam "C.D. Cruz Roja Linares"]
[BlackTeam "C.D. Ajedrez Lapuerta"]
[WhiteTeamCountry "ESP"]
[BlackTeamCountry "ESP"]

1. d4 g6 2. Bf4 Bg7 3. e3 d6 4. Be2 Nf6 5. h3 O-O 6. Nf3 c5 7. O-O b6 8. c3 Bb7
9. a4 a6 10. Nbd2 Nbd7 11. Bh2 Ne4 12. Nxe4 Bxe4 13. Qb3 Nf6 14. Rfd1 Qc7 15.
Nd2 Bd5 16. c4 Bc6 17. d5 Bb7 18. e4 Nd7 19. Qc2 Be5 20. f4 Bd4+ 21. Kh1 e6 22.
Nf3 e5 23. fxe5 Bxe5 24. Nxe5 Nxe5 25. Bxe5 dxe5 26. Qc3 Rae8 27. a5 f6 28. b4
f5 29. exf5 gxf5 30. Bh5 Rc8 31. axb6 Qd6 32. bxc5 Rxc5 33. Ra5 Rfc8 34. Rxc5
Rxc5 35. Qg3+ Kf8 36. Rf1 f4 37. Qd3 Kg7 38. Bg4 a5 39. Be6 Qxb6 40. Qf5 Qc7
41. Qg5+ Kf8 42. Qf6+ Ke8 43. Re1 Rxc4 44. Rxe5 1-0

[Event "España tch 2009 - 2a 2"]
[Site "Burguillos ESP"]
[Date "2009.08.08"]
[Round "5.82"]
[White "Lara Lopez, Jose"]
[Black "Ruiz Sanchez, Miguel Angel"]
[Result "0-1"]
[WhiteElo "2203"]
[BlackElo "2211"]
[PlyCount "114"]
[EventDate "2009.08.05"]
[EventType "team"]
[EventRounds "6"]
[EventCountry "ESP"]
[Source "lmi"]
[SourceDate "2009.08.05"]
[WhiteTeam "C.D. Ajedrez Lapuerta"]
[BlackTeam "C.D. Cruz Roja Linares"]
[WhiteTeamCountry "ESP"]
[BlackTeamCountry "ESP"]

1. e4 e6 2. Qe2 c5 3. Nf3 Nc6 4. g3 Be7 5. Bg2 Nf6 6. O-O d5 7. e5 Nd7 8. d3
Qc7 9. Re1 b6 10. Na3 a6 11. Bf4 Qd8 12. h4 Bb7 13. Rac1 h6 14. h5 Nf8 15. Nb1
g5 16. Bd2 Nd7 17. c4 d4 18. a3 Bf8 19. Nh2 Ndxe5 20. f4 Nd7 21. Ng4 Qc7 22. f5
e5 23. f6 O-O-O 24. Be4 Bd6 25. Rf1 Rde8 26. Be1 Nd8 27. Nd2 Bf8 28. Rb1 Bxe4
29. Nxe4 Nb7 30. b4 Nd6 31. Rb2 Nxe4 32. Qxe4 Qb7 33. Nf2 Re6 34. Qxb7+ Kxb7
35. Ne4 Kc6 36. Kg2 Bd6 37. Kh3 Bc7 38. Rf5 Rb8 39. Kg4 Bd8 40. Rbf2 b5 41.
cxb5+ Rxb5 42. a4 Rb8 43. Rc2 Bb6 44. Rc4 Kd5 45. Bf2 cxb4 46. Rxb4 Ba7 47. Rc4
Rc6 48. Rxc6 Kxc6 49. Rf3 Kd5 50. Kf5 Bc5 51. g4 Rb3 52. Be1 Bb4 53. Bg3 Ra3
54. Bf2 Rxa4 55. Nxg5 hxg5 56. Kxg5 Ke6 57. Bh4 Bd2+ 0-1

[Event "España tch 2009 - 2a 2"]
[Site "Burguillos ESP"]
[Date "2009.08.08"]
[Round "5.83"]
[White "Torres Moreno, Juan"]
[Black "Ojaos Penalver, Abel"]
[Result "1-0"]
[WhiteElo "2140"]
[BlackElo "1995"]
[PlyCount "57"]
[EventDate "2009.08.05"]
[EventType "team"]
[EventRounds "6"]
[EventCountry "ESP"]
[Source "lmi"]
[SourceDate "2009.08.05"]
[WhiteTeam "C.D. Cruz Roja Linares"]
[BlackTeam "C.D. Ajedrez Lapuerta"]
[WhiteTeamCountry "ESP"]
[BlackTeamCountry "ESP"]

1. d4 Nc6 2. Nf3 d5 3. c4 Bg4 4. cxd5 Bxf3 5. gxf3 Qxd5 6. e3 e5 7. Nc3 Bb4 8.
Bd2 Bxc3 9. bxc3 exd4 10. cxd4 O-O-O 11. Rb1 Qxa2 12. Bh3+ Kb8 13. O-O Nxd4 14.
Ra1 Ne2+ 15. Qxe2 Qxd2 16. Rfd1 Qxd1+ 17. Rxd1 Nf6 18. Ra1 Rd5 19. Qa2 a6 20.
f4 Rhd8 21. Qb3 Ne4 22. Bg2 Rd3 23. Qb1 Nc5 24. Bf3 R8d6 25. Qb4 b6 26. Rc1 a5
27. Qb5 Nb3 28. Qe8+ Rd8 29. Qc6 1-0

[Event "España tch 2009 - 2a 2"]
[Site "Burguillos ESP"]
[Date "2009.08.08"]
[Round "5.84"]
[White "Alcaraz Cordoba, Sergio"]
[Black "Rios del Moral, Neftali"]
[Result "1-0"]
[WhiteElo "1877"]
[BlackElo "2158"]
[PlyCount "129"]
[EventDate "2009.08.05"]
[EventType "team"]
[EventRounds "6"]
[EventCountry "ESP"]
[Source "lmi"]
[SourceDate "2009.08.05"]
[WhiteTeam "C.D. Ajedrez Lapuerta"]
[BlackTeam "C.D. Cruz Roja Linares"]
[WhiteTeamCountry "ESP"]
[BlackTeamCountry "ESP"]

1. e4 d5 2. exd5 Qxd5 3. Nc3 Qd8 4. d4 Nf6 5. Nf3 a6 6. Bg5 Bg4 7. Be2 e6 8.
Ne4 Be7 9. Bxf6 gxf6 10. h3 Bf5 11. Ng3 Bg6 12. Bd3 c5 13. Bxg6 hxg6 14. c3 Nc6
15. dxc5 Qxd1+ 16. Rxd1 Bxc5 17. Ne4 Be7 18. O-O Rd8 19. Rxd8+ Kxd8 20. Rd1+
Kc7 21. Kf1 Rh5 22. Ke2 Ra5 23. a3 Ne5 24. Nxe5 Rxe5 25. Kf3 f5 26. Ng3 Rb5 27.
b4 a5 28. Ne2 axb4 29. cxb4 Bf6 30. Ke3 Bb2 31. Rd3 g5 32. Kd2 f4 33. Kc2 Bg7
34. Kb3 Kc6 35. a4 Rd5 36. Kc4 Re5 37. Nd4+ Kb6 38. Nb5 Re4+ 39. Kb3 Bf8 40.
Nd6 Bxd6 41. Rxd6+ Kc7 42. Rd2 f5 43. a5 b6 44. a6 b5 45. a7 Kb7 46. Rd7+ Ka8
47. Rg7 f3 48. Rxg5 fxg2 49. Rxg2 Kxa7 50. Rg3 Rf4 51. Re3 Rh4 52. Rxe6 Rxh3+
53. Re3 Rh2 54. Rf3 Rh5 55. Kc3 Kb6 56. Rf4 Kc6 57. Kd4 Kd6 58. f3 Ke6 59. Kc5
Ke5 60. Rd4 Ke6 61. Kxb5 Rh8 62. f4 Rb8+ 63. Kc6 Rc8+ 64. Kb7 Rc1 65. b5 1-0

[Event "España tch 2009 - 2a 2"]
[Site "Burguillos ESP"]
[Date "2009.08.09"]
[Round "6.11"]
[White "Cramling, Pia"]
[Black "Ortiz Suarez, Isan Reynaldo"]
[Result "1-0"]
[WhiteElo "2525"]
[BlackElo "2504"]
[PlyCount "99"]
[EventDate "2009.08.05"]
[EventType "team"]
[EventRounds "6"]
[EventCountry "ESP"]
[Source "lmi"]
[SourceDate "2009.08.05"]
[WhiteTeamCountry "ESP"]
[BlackTeamCountry "ESP"]

1. d4 Nf6 2. Nf3 e6 3. c4 b6 4. a3 Ba6 5. Qb3 c5 6. d5 exd5 7. cxd5 Bd6 8. Bg5
h6 9. Qe3+ Qe7 10. Bxf6 Qxe3 11. fxe3 gxf6 12. Nc3 Be5 13. Nxe5 fxe5 14. g3 d6
15. Bh3 Ke7 16. O-O Bb7 17. e4 Bc8 18. Bxc8 Rxc8 19. Nd1 Rh8 20. Ne3 Rh7 21.
Rf3 Na6 22. Raf1 Rf8 23. Nf5+ Kd7 24. Nh4 c4 25. Ng6 Ke8 26. Nxf8 Kxf8 27. a4
Nc5 28. Rc1 Nxa4 29. Rxc4 Nc5 30. b4 b5 31. bxc5 bxc4 32. c6 Ke8 33. Kf2 Kd8
34. Rc3 f6 35. Rxc4 a5 36. Ra4 Ra7 37. Kf3 h5 38. h4 Ke7 39. g4 hxg4+ 40. Kxg4
Kf7 41. Kf5 Ra8 42. e3 Ra7 43. c7 Rxc7 44. Rxa5 Rb7 45. Ra8 Kg7 46. Rd8 Rb3 47.
Rd7+ Kh6 48. Rxd6 Rxe3 49. Rxf6+ Kh5 50. Kxe5 1-0

[Event "España tch 2009 - 2a 2"]
[Site "Burguillos ESP"]
[Date "2009.08.09"]
[Round "6.12"]
[White "Dolezal, Cristian"]
[Black "Campora Perez, Daniel"]
[Result "1/2-1/2"]
[WhiteElo "2391"]
[BlackElo "2164"]
[PlyCount "150"]
[EventDate "2009.08.05"]
[EventType "team"]
[EventRounds "6"]
[EventCountry "ESP"]
[Source "lmi"]
[SourceDate "2009.08.05"]
[WhiteTeamCountry "ESP"]
[BlackTeamCountry "ESP"]

1. e4 d6 2. d4 Nf6 3. Nc3 Nbd7 4. g4 e5 5. g5 Ng8 6. Bc4 Nb6 7. Bb3 exd4 8.
Qxd4 Ne7 9. Be3 Nc6 10. Qd2 Na5 11. Nd5 Nxb3 12. axb3 Nxd5 13. Qxd5 Be7 14. f4
c6 15. Qd2 O-O 16. Ne2 f5 17. gxf6 Bxf6 18. O-O-O Bg4 19. Rdf1 Bxe2 20. Qxe2
Re8 21. Bf2 a5 22. Rd1 Qe7 23. Rhe1 d5 24. e5 Bh4 25. Bg3 a4 26. Qf2 Bxg3 27.
Qxg3 a3 28. Qc3 Rf8 29. Rf1 a2 30. Kd2 a1=Q 31. Rxa1 Rxa1 32. Rxa1 Rxf4 33. Re1
Qg5 34. Kd1 Qg4+ 35. Kc1 Re4 36. Kb1 h6 37. Rxe4 Qxe4 38. Qh3 Qxe5 39. Qc8+ Kh7
40. Qxb7 Qf6 41. b4 h5 42. Ka2 Qe6 43. b3 d4 44. b5 cxb5 45. Qxb5 Kh6 46. Qb8
Qe4 47. Kb2 h4 48. b4 g5 49. b5 d3 50. Qd6+ Kh5 51. cxd3 Qg2+ 52. Kb3 g4 53.
Qc5+ Kg6 54. Qc6+ Qxc6 55. bxc6 g3 56. hxg3 h3 57. c7 h2 58. c8=Q h1=Q 59. Qg4+
Kf7 60. Qf5+ Kg7 61. Qd7+ Kf6 62. Qd6+ Kf5 63. Qf4+ Ke6 64. Qg4+ Kd6 65. Qb4+
Ke6 66. Qc4+ Kd6 67. g4 Qd1+ 68. Kb4 Qe1+ 69. Ka4 Qa1+ 70. Kb5 Qe5+ 71. Kb6
Qb2+ 72. Qb5 Qd4+ 73. Kb7 Qg7+ 74. Kb6 Qd4+ 75. Kb7 Qg7+ 1/2-1/2

[Event "España tch 2009 - 2a 2"]
[Site "Burguillos ESP"]
[Date "2009.08.09"]
[Round "6.13"]
[White "Perez Pardo, Juan Carlos"]
[Black "Valmaña Canto, Jaime"]
[Result "0-1"]
[WhiteElo "2280"]
[BlackElo "2348"]
[PlyCount "90"]
[EventDate "2009.08.05"]
[EventType "team"]
[EventRounds "6"]
[EventCountry "ESP"]
[Source "lmi"]
[SourceDate "2009.08.05"]
[WhiteTeamCountry "ESP"]
[BlackTeamCountry "ESP"]

1. d4 Nf6 2. Nf3 d5 3. c4 c6 4. e3 a6 5. Nc3 e6 6. Qc2 c5 7. cxd5 exd5 8. dxc5
Bxc5 9. a3 Nc6 10. b4 Ba7 11. Bb2 Bg4 12. Be2 O-O 13. Rd1 Rc8 14. O-O Qe7 15.
Rfe1 Rfd8 16. Qb3 Be6 17. Nd4 Nxd4 18. exd4 Ne4 19. Nxe4 dxe4 20. d5 e3 21. f3
Bf5 22. Rc1 Bb8 23. g3 Qg5 24. Kg2 h5 25. Rxc8 Bxc8 26. Bc1 Re8 27. Bf1 Ba7 28.
f4 Qe7 29. Be2 Qe4+ 30. Bf3 Bh3+ 31. Kxh3 Qxf3 32. Qd3 Rd8 33. d6 Qf2 34. Rf1
Rxd6 35. Rxf2 Rxd3 36. Re2 Kh7 37. Kg2 Kg6 38. Kf3 f5 39. Rc2 Rd1 40. Bb2 Rf1+
41. Ke2 Rf2+ 42. Kd3 h4 43. gxh4 b5 44. Rc6+ Kh5 45. Rxa6 Rd2+ 0-1

[Event "España tch 2009 - 2a 2"]
[Site "Burguillos ESP"]
[Date "2009.08.09"]
[Round "6.14"]
[White "Calvo Alfonso, Vicente"]
[Black "Naranjo Moreno, Antonio"]
[Result "0-1"]
[WhiteElo "2213"]
[BlackElo "2244"]
[PlyCount "92"]
[EventDate "2009.08.05"]
[EventType "team"]
[EventRounds "6"]
[EventCountry "ESP"]
[Source "lmi"]
[SourceDate "2009.08.05"]
[WhiteTeamCountry "ESP"]
[BlackTeamCountry "ESP"]

1. d4 Nf6 2. Nf3 g6 3. Bf4 Bg7 4. e3 O-O 5. Be2 d6 6. h3 Nc6 7. O-O Nd7 8. c4
e5 9. Bh2 f5 10. Nc3 exd4 11. exd4 g5 12. d5 Nce5 13. Nd4 Nb6 14. Rc1 a6 15. b3
Qf6 16. Nf3 Nxf3+ 17. Bxf3 Nd7 18. Re1 Qd4 19. Ne2 Qf6 20. Nc3 Qd4 21. Ne2 Qc5
22. Qd2 g4 23. b4 Qa7 24. hxg4 fxg4 25. Bxg4 Qxf2+ 26. Kh1 Qh4 27. Be6+ Kh8 28.
Rf1 Be5 29. Bh3 Nf6 30. Bxe5 dxe5 31. Rc3 Bd7 32. Rcf3 Bg4 33. Rxf6 Rxf6 34.
Rxf6 Bxh3 35. Qh6 Qxh6 36. Rxh6 Bg4 37. Nc3 Rf8 38. c5 Rf4 39. d6 Kg7 40. Rh4
cxd6 41. cxd6 h5 42. Na4 Rd4 43. Nc5 Rxd6 44. Nxb7 Rd1+ 45. Kh2 e4 46. Nc5 e3
0-1

[Event "España tch 2009 - 2a 2"]
[Site "Burguillos ESP"]
[Date "2009.08.09"]
[Round "6.21"]
[White "Razmyslov, Alexander"]
[Black "Cruz Ravina, Francisco Javier"]
[Result "1-0"]
[WhiteElo "2414"]
[BlackElo "2345"]
[PlyCount "87"]
[EventDate "2009.08.05"]
[EventType "team"]
[EventRounds "6"]
[EventCountry "ESP"]
[Source "lmi"]
[SourceDate "2009.08.05"]
[WhiteTeamCountry "ESP"]
[BlackTeamCountry "ESP"]

1. e4 c6 2. d4 d5 3. exd5 cxd5 4. c4 Nf6 5. Nc3 Nc6 6. Nf3 Bg4 7. cxd5 Nxd5 8.
h3 Bxf3 9. Qxf3 e6 10. Bb5 Rc8 11. Nxd5 Qxd5 12. Qxd5 exd5 13. Be3 Bb4+ 14. Ke2
Kd7 15. a3 Bd6 16. Kd3 Rc7 17. Ba4 Rhc8 18. Rac1 Kd8 19. Bg5+ f6 20. Bd2 Kd7
21. g4 Re8 22. f3 a6 23. h4 Rcc8 24. h5 Re6 25. Bb3 Ne7 26. Rxc8 Kxc8 27. Rg1
Bc7 28. Ba2 Rb6 29. b4 a5 30. Rc1 Kd7 31. bxa5 Rb2 32. Ra1 Bd6 33. Kc3 Rb5 34.
Kc2 Nc6 35. a4 Nxd4+ 36. Kd3 Rb3+ 37. Bxb3 Nxb3 38. Rb1 Nc5+ 39. Kd4 Ne6+ 40.
Kxd5 Nc7+ 41. Kc4 Kc8 42. h6 g6 43. Bc3 Be7 44. Rb6 1-0

[Event "España tch 2009 - 2a 2"]
[Site "Burguillos ESP"]
[Date "2009.08.09"]
[Round "6.22"]
[White "Montero Melendez, Rafael"]
[Black "Garrido Dominguez, Jesus"]
[Result "0-1"]
[WhiteElo "2249"]
[BlackElo "2333"]
[PlyCount "88"]
[EventDate "2009.08.05"]
[EventType "team"]
[EventRounds "6"]
[EventCountry "ESP"]
[Source "lmi"]
[SourceDate "2009.08.05"]
[WhiteTeamCountry "ESP"]
[BlackTeamCountry "ESP"]

1. d4 d6 2. e4 Nf6 3. Nc3 e5 4. dxe5 dxe5 5. Qxd8+ Kxd8 6. Bc4 Bb4 7. Bd2 Ke7
8. Nf3 Nbd7 9. O-O c6 10. a3 Bd6 11. h3 b5 12. Bd3 a5 13. Ne2 Nc5 14. Ng3 g6
15. b4 Nxd3 16. cxd3 Nd7 17. d4 axb4 18. axb4 Bb7 19. Bc3 f6 20. h4 Ra4 21.
Rxa4 bxa4 22. dxe5 fxe5 23. h5 Ba6 24. Ra1 Bb5 25. hxg6 hxg6 26. Nf1 Rf8 27.
Ne3 Bc7 28. Ng4 Rf4 29. Ngxe5 Nxe5 30. Nxe5 Bxe5 31. Bxe5 Rxe4 32. Bc3 Ke6 33.
f3 Re3 34. Bd4 Rd3 35. Bg7 Kd5 36. Rc1 Rb3 37. Rd1+ Kc4 38. Rd4+ Kc3 39. Kf2
Kc2 40. Bh6 a3 41. Rd2+ Kc3 42. Ke1 Rb1+ 43. Rd1 a2 44. Bg7+ Kc2 0-1